[Event "Ch BLR w 2013"]
[Site "?"]
[Date "2013.01.10"]
[Round "1.2"]
[White "Kusenkova, Natallia"]
[Black "Beinenson, Katsiaryna"]
[Result "1-0"]
[WhiteElo "2019"]
[BlackElo "1974"]
[PlyCount "157"]
[EventDate "2013.??.??"]

1. e4 c5 2. d3 Nc6 3. g3 g6 4. Bg2 Bg7 5. Nf3 d6 6. O-O Nf6 7. c3 Rb8 8. a4 O-O
9. Nbd2 a6 10. d4 cxd4 11. cxd4 Nd7 12. Nc4 b5 13. axb5 axb5 14. Ne3 Nb6 15. d5
Nb4 16. Qd2 Na6 17. Nd4 Qd7 18. Nc6 Ra8 19. Qe2 Nc5 20. Rxa8 Nxa8 21. b4 Na6
22. Qxb5 N6c7 23. Qa5 Ba6 24. Rd1 Bb5 25. Nd4 Ba4 26. Rd2 e5 27. dxe6 fxe6 28.
Ra2 Bxd4 29. Qxa4 Nb5 30. Bf1 Nac7 31. Rc2 Rb8 32. Nc4 Qf7 33. Qb3 Rf8 34. Be3
Bxe3 35. Qxe3 d5 36. Ne5 Qg7 37. Nc6 Nd6 38. exd5 Nf5 39. Qe5 Qxe5 40. Nxe5
Nxd5 41. b5 Rb8 42. Rb2 Nd4 43. Bc4 Nb6 44. Bd3 Nd5 45. Kg2 Rb6 46. Nd7 Rb7 47.
Nc5 Rb6 48. Na4 Rb8 49. b6 Nc6 50. Be4 Kf7 51. b7 Nd8 52. Nc5 Ke7 53. Ra2 Kd6
54. Ra8 Nc6 55. Rxb8 Nxb8 56. Nd3 Kc7 57. Nc5 Kd6 58. Nd3 Kc7 59. Nf4 Nxf4+ 60.
gxf4 Nd7 61. Kf3 Nc5 62. Ke3 Nxb7 63. Bxb7 Kxb7 64. Ke4 Kc6 65. Ke5 Kd7 66. Kf6
Kd6 67. Kg7 Ke7 68. Kxh7 Kf6 69. h3 Kf7 70. Kh6 Kf6 71. h4 Kf5 72. Kg7 Kg4 73.
Kxg6 Kxh4 74. f5 exf5 75. Kxf5 Kh5 76. f4 Kh6 77. Kf6 Kh7 78. f5 Kg8 79. Ke7
1-0

[Event "Ch BLR w 2013"]
[Site "?"]
[Date "2013.01.10"]
[Round "1.4"]
[White "Revo, Tatiana"]
[Black "Nevioselaya, Maria"]
[Result "1-0"]
[WhiteElo "2057"]
[BlackElo "2065"]
[PlyCount "65"]
[EventDate "2013.??.??"]

1. e4 c6 2. d4 d5 3. Nc3 dxe4 4. Nxe4 Bf5 5. Ng3 Bg6 6. h4 h6 7. Nf3 Nd7 8. h5
Bh7 9. Bd3 Bxd3 10. Qxd3 e6 11. Bd2 Ngf6 12. O-O-O Be7 13. Qe2 c5 14. dxc5 Bxc5
15. Bc3 Qc7 16. Ne5 Nxe5 17. Bxe5 Qb6 18. Nf5 exf5 19. Bxf6+ Kf8 20. Bh4 Rc8
21. Qf3 Bd4 22. c3 g6 23. hxg6 fxg6 24. Qd3 Bc5 25. Rhe1 Rh7 26. Re5 Rhc7 27.
Rd5 Kf7 28. Rd7+ Kf8 29. Rd8+ Rxd8 30. Bxd8 Bxf2 31. Bxc7 Qxc7 32. Qd2 Bc5 33.
Qxh6+ 1-0

[Event "Ch BLR w 2013"]
[Site "?"]
[Date "2013.01.10"]
[Round "1.5"]
[White "Stetsko, Lanita"]
[Black "Davydova, Natalia"]
[Result "1-0"]
[WhiteElo "2203"]
[BlackElo "1991"]
[PlyCount "57"]
[EventDate "2013.??.??"]

1. e4 c5 2. Nf3 d6 3. d4 cxd4 4. Nxd4 Nf6 5. Nc3 a6 6. Be3 e5 7. Nf3 Qc7 8. a4
Be7 9. a5 Nbd7 10. Be2 O-O 11. Nd2 b5 12. axb6 Nxb6 13. Bxb6 Qxb6 14. Nc4 Qc7
15. Qd3 Rd8 16. Ne3 Bb7 17. O-O a5 18. Rfd1 Bf8 19. Ng4 Nxg4 20. Bxg4 Qc5 21.
Rd2 Bc6 22. b3 Rdb8 23. Be2 Rb4 24. Qf3 Ra7 25. Bc4 a4 26. Rdd1 Rb8 27. Nd5
Bxd5 28. Rxd5 Qc6 29. Ra5 1-0

[Event "Ch BLR w 2013"]
[Site "?"]
[Date "2013.01.11"]
[Round "2.1"]
[White "Beinenson, Katsiaryna"]
[Black "Davydova, Natalia"]
[Result "1-0"]
[WhiteElo "1974"]
[BlackElo "1991"]
[PlyCount "59"]
[EventDate "2013.??.??"]

1. e4 c5 2. c3 d5 3. exd5 Qxd5 4. d4 Nf6 5. Nf3 Bg4 6. Be2 e6 7. Be3 cxd4 8.
cxd4 Nc6 9. Nc3 Qd6 10. h3 Bh5 11. O-O Be7 12. Qb3 O-O 13. Rfd1 Rfd8 14. a3 a6
15. Na4 Rab8 16. Nc5 Qc7 17. Rac1 Bxf3 18. Bxf3 Nd5 19. Qc2 Bxc5 20. Qxc5 Nxe3
21. fxe3 Rbc8 22. Rc3 Qd7 23. Qb6 Rb8 24. b4 Rdc8 25. Rdc1 e5 26. d5 Ne7 27.
Rc7 Qf5 28. Bg4 Qe4 29. Rxc8+ Nxc8 30. Qd8# 1-0

[Event "Ch BLR w 2013"]
[Site "?"]
[Date "2013.01.11"]
[Round "2.2"]
[White "Kasperovich, Ekaterina"]
[Black "Stetsko, Lanita"]
[Result "0-1"]
[WhiteElo "2066"]
[BlackElo "2203"]
[PlyCount "108"]
[EventDate "2013.??.??"]

1. d4 Nf6 2. c4 e6 3. Nc3 Bb4 4. Qc2 d6 5. Nf3 Nbd7 6. a3 Bxc3+ 7. Qxc3 b6 8.
g3 Bb7 9. Bg2 c5 10. O-O O-O 11. Rd1 Qc7 12. dxc5 Nxc5 13. Bf4 e5 14. Be3 Ng4
15. Rac1 Na4 16. Qc2 Nxe3 17. fxe3 Nc5 18. Ng5 g6 19. Bxb7 Nxb7 20. Qd3 Qe7 21.
Ne4 Rad8 22. b4 Kg7 23. Qd5 f5 24. Nc3 Rf7 25. Rf1 Rdf8 26. Rcd1 Qg5 27. Rf3
Qe7 28. Nb5 g5 29. Rff1 Rf6 30. Nxa7 f4 31. Nc6 Qc7 32. exf4 gxf4 33. Rd3 Kh8
34. gxf4 exf4 35. Nd4 Qe7 36. Kh1 Nd8 37. Rdf3 Rg8 38. Qh5 Qe4 39. Qd5 Qg6 40.
R3f2 Qe8 41. Rxf4 Rfg6 42. Qf3 Qe5 43. Nf5 Nc6 44. Rh4 Qf6 45. Qh3 Qf7 46. Nxd6
Qg7 47. Qe3 Rxd6 48. Rg1 Rd1 49. Rxh7+ Qxh7 50. Rxd1 Qh4 51. Qc3+ Rg7 52. Qf3
Ne5 53. Qf8+ Rg8 54. Qf5 Ng4 0-1

[Event "Ch BLR w 2013"]
[Site "?"]
[Date "2013.01.11"]
[Round "2.4"]
[White "Kaliadzich, Maryia"]
[Black "Revo, Tatiana"]
[Result "0-1"]
[WhiteElo "1950"]
[BlackElo "2057"]
[PlyCount "80"]
[EventDate "2013.??.??"]

1. e4 c5 2. Nf3 d6 3. d4 cxd4 4. Nxd4 Nf6 5. Nc3 a6 6. h3 e6 7. g4 Be7 8. Bg2
Nc6 9. O-O O-O 10. a4 Qc7 11. g5 Nd7 12. h4 Nxd4 13. Qxd4 Ne5 14. h5 f6 15. h6
fxg5 16. hxg7 Nf3+ 17. Bxf3 Rxf3 18. Kg2 Rf7 19. Rh1 Bf6 20. Qd3 Rxg7 21. Ne2
Bd7 22. Ng3 Be8 23. c3 Bg6 24. Nh5 Bxh5 25. Rxh5 Qf7 26. Rh6 Rg6 27. Rh5 Be5
28. Be3 Rf8 29. Rah1 Qf3+ 30. Kf1 g4 31. Qe2 Qxe4 32. Rxh7 g3 33. Rh8+ Bxh8 34.
Rxh8+ Kxh8 35. Bd4+ Qxd4 36. Qh5+ Kg7 37. cxd4 Rxf2+ 38. Kg1 g2 39. Qxg6+ Kxg6
40. Kxf2 Kf5 0-1

[Event "Ch BLR w 2013"]
[Site "?"]
[Date "2013.01.11"]
[Round "2.5"]
[White "Kusenkova, Natallia"]
[Black "Ziaziulkina, Nastassia"]
[Result "1/2-1/2"]
[WhiteElo "2019"]
[BlackElo "2364"]
[PlyCount "43"]
[EventDate "2013.??.??"]

1. d4 d5 2. Nf3 c6 3. g3 Nf6 4. Bg2 h6 5. c4 dxc4 6. Qc2 b5 7. a4 Bb7 8. b3
cxb3 9. Qxb3 Qd5 10. Qc2 b4 11. Nbd2 e6 12. O-O Be7 13. Nb3 Qd8 14. a5 Na6 15.
Ne5 Rc8 16. Bd2 O-O 17. Nd3 Nd7 18. Qc4 Rb8 19. Bf4 Rc8 20. Bd2 Rb8 21. Bf4 Rc8
22. Bd2 1/2-1/2

[Event "Ch BLR w 2013"]
[Site "?"]
[Date "2013.01.12"]
[Round "3.1"]
[White "Ziaziulkina, Nastassia"]
[Black "Beinenson, Katsiaryna"]
[Result "1-0"]
[WhiteElo "2364"]
[BlackElo "1974"]
[PlyCount "49"]
[EventDate "2013.??.??"]

1. e4 c5 2. Nf3 Nc6 3. d4 cxd4 4. Nxd4 Qb6 5. Nb3 Nf6 6. Nc3 e6 7. Qe2 Bb4 8.
Bd2 O-O 9. a3 Be7 10. O-O-O d5 11. e5 Nd7 12. f4 a6 13. Qh5 Qc7 14. Bd3 g6 15.
Qe2 b5 16. h4 b4 17. axb4 Nxb4 18. h5 Nxd3+ 19. Qxd3 Rd8 20. hxg6 fxg6 21. Nxd5
exd5 22. Qxd5+ Kf8 23. Rxh7 Nxe5 24. Rh8+ Kg7 25. Rxd8 1-0

[Event "Ch BLR w 2013"]
[Site "?"]
[Date "2013.01.12"]
[Round "3.2"]
[White "Revo, Tatiana"]
[Black "Kusenkova, Natallia"]
[Result "1-0"]
[WhiteElo "2057"]
[BlackElo "2019"]
[PlyCount "65"]
[EventDate "2013.??.??"]

1. e4 c5 2. Nf3 d6 3. d4 cxd4 4. Nxd4 Nf6 5. Nc3 a6 6. Be3 e5 7. Nb3 Be6 8. h3
Nbd7 9. g4 b5 10. Qf3 Nb6 11. O-O-O Be7 12. Kb1 Nfd7 13. Nd5 Nc4 14. Nxe7 Qxe7
15. Bc1 O-O 16. Qg3 a5 17. f4 Ndb6 18. f5 Bd7 19. g5 Bc6 20. Bd3 Qb7 21. f6
Bxe4 22. fxg7 Rfc8 23. Rhf1 b4 24. g6 Bxg6 25. Bxg6 fxg6 26. Bh6 a4 27. Nd2 a3
28. Nxc4 Nxc4 29. Qg4 Qe7 30. Rf8+ Rxf8 31. gxf8=Q+ Rxf8 32. Bxf8 Qf7 33. Bh6
1-0

[Event "Ch BLR w 2013"]
[Site "?"]
[Date "2013.01.12"]
[Round "3.3"]
[White "Brovko, Nadezhda"]
[Black "Kaliadzich, Maryia"]
[Result "0-1"]
[WhiteElo "1984"]
[BlackElo "1950"]
[PlyCount "80"]
[EventDate "2013.??.??"]

1. d4 d5 2. c4 e6 3. Nc3 Nf6 4. Nf3 c6 5. Bg5 Nbd7 6. e3 Qa5 7. Bxf6 Nxf6 8.
Nd2 Bb4 9. Qc2 O-O 10. Bd3 h6 11. O-O Re8 12. f4 Bd7 13. c5 Qc7 14. a3 Bxc3 15.
Qxc3 b6 16. b4 a5 17. Nb3 axb4 18. axb4 Reb8 19. Rxa8 Rxa8 20. Ra1 Rxa1+ 21.
Qxa1 b5 22. h3 Kf8 23. Qa8+ Ke7 24. Na5 Ne8 25. Qa6 Kf8 26. Bxb5 cxb5 27. c6
Bc8 28. Qxb5 Nd6 29. Qc5 Ke7 30. e4 dxe4 31. Nc4 Ba6 32. Nxd6 Qxd6 33. Qa7+ Kf6
34. Qxa6 Qxd4+ 35. Kf1 e3 36. Qe2 Qxb4 37. Qc2 Qxf4+ 38. Ke1 Qf2+ 39. Qxf2+
exf2+ 40. Kxf2 Ke5 0-1

[Event "Ch BLR w 2013"]
[Site "?"]
[Date "2013.01.12"]
[Round "3.4"]
[White "Stetsko, Lanita"]
[Black "Nevioselaya, Maria"]
[Result "0-1"]
[WhiteElo "2203"]
[BlackElo "2065"]
[PlyCount "90"]
[EventDate "2013.??.??"]

1. e4 e5 2. Nf3 Nc6 3. Bb5 a6 4. Ba4 Nf6 5. O-O b5 6. Bb3 Be7 7. Re1 d6 8. c3
O-O 9. h3 Nb8 10. d4 Nbd7 11. Nbd2 Bb7 12. Bc2 Re8 13. a4 c5 14. d5 c4 15. Nf1
Nc5 16. Ng3 g6 17. Bh6 Nfd7 18. Qd2 bxa4 19. Bxa4 Nxa4 20. Rxa4 a5 21. Be3 Qc7
22. Nh2 Nc5 23. Bxc5 Qxc5 24. Ng4 Bc8 25. Nh6+ Kg7 26. Kh2 Qc7 27. Nhf5+ gxf5
28. exf5 Kh8 29. Re4 Ba6 30. Nh5 Qd7 31. Qh6 Rg8 32. Nf6 Bxf6 33. Qxf6+ Rg7 34.
Rg4 Rag8 35. Rxa5 Bc8 36. Ra8 Qxf5 37. Qxd6 Qf4+ 38. Kg1 Bxg4 39. Rxg8+ Rxg8
40. hxg4 Rxg4 41. g3 Kg7 42. Qe7 Qg5 43. d6 Qf6 44. Qc7 Re4 45. d7 Qf3 0-1

[Event "Ch BLR w 2013"]
[Site "?"]
[Date "2013.01.12"]
[Round "3.5"]
[White "Davydova, Natalia"]
[Black "Kasperovich, Ekaterina"]
[Result "0-1"]
[WhiteElo "1991"]
[BlackElo "2066"]
[PlyCount "58"]
[EventDate "2013.??.??"]

1. e4 e5 2. Nf3 Nc6 3. Bb5 a6 4. Ba4 Nf6 5. d4 exd4 6. e5 Ne4 7. O-O Be7 8.
Bxc6 dxc6 9. Qxd4 Qxd4 10. Nxd4 O-O 11. Re1 Ng5 12. Nc3 Rd8 13. Be3 c5 14. Nde2
Bf5 15. Rac1 h6 16. Ng3 Bh7 17. f4 Ne6 18. Nce4 b6 19. f5 Nd4 20. Rf1 Bf8 21.
Nd2 Re8 22. Bxd4 cxd4 23. Nf3 Rad8 24. a3 c5 25. Rce1 c4 26. Nd2 b5 27. Nde4
Rxe5 28. f6 Rde8 29. fxg7 Bxg7 0-1

[Event "Ch BLR w 2013"]
[Site "?"]
[Date "2013.01.13"]
[Round "4.1"]
[White "Beinenson, Katsiaryna"]
[Black "Kasperovich, Ekaterina"]
[Result "1-0"]
[WhiteElo "1974"]
[BlackElo "2066"]
[PlyCount "51"]
[EventDate "2013.??.??"]

1. e4 e5 2. Nf3 Nc6 3. Bc4 Bc5 4. c3 Nf6 5. d3 d6 6. Nbd2 a6 7. Bb3 O-O 8. h3
b5 9. Nf1 d5 10. exd5 Nxd5 11. Ng3 Be7 12. O-O Be6 13. Re1 Qd7 14. Nxe5 Nxe5
15. Rxe5 Rad8 16. d4 c5 17. dxc5 Qc7 18. Qe2 Bxc5 19. Nh5 Ne3 20. Rxc5 Qxc5 21.
Bxe3 Qe5 22. f4 Qe4 23. Bc2 Qd5 24. Bd4 Qc4 25. Qe4 f5 26. Qe5 1-0

[Event "Ch BLR w 2013"]
[Site "?"]
[Date "2013.01.13"]
[Round "4.2"]
[White "Nevioselaya, Maria"]
[Black "Davydova, Natalia"]
[Result "1-0"]
[WhiteElo "2065"]
[BlackElo "1991"]
[PlyCount "63"]
[EventDate "2013.??.??"]

1. e4 c5 2. Nf3 d6 3. d4 cxd4 4. Qxd4 Nc6 5. Bb5 Qd7 6. Bxc6 bxc6 7. c4 e5 8.
Qd3 Nf6 9. O-O Be7 10. Rd1 O-O 11. Nc3 Qe6 12. b3 h6 13. h3 Rd8 14. Ba3 Bb7 15.
Qe3 a5 16. c5 dxc5 17. Bxc5 Nd7 18. Bxe7 Qxe7 19. Na4 c5 20. Rac1 Rdc8 21. Rxd7
Qxd7 22. Nb6 Qc7 23. Nxa8 Bxa8 24. Ne1 Qc6 25. f3 a4 26. Nd3 axb3 27. axb3 Qd6
28. Rxc5 Rb8 29. Nxe5 Qd1+ 30. Kh2 Rxb3 31. Rc8+ Kh7 32. Qf4 1-0

[Event "Ch BLR w 2013"]
[Site "?"]
[Date "2013.01.13"]
[Round "4.3"]
[White "Kaliadzich, Maryia"]
[Black "Stetsko, Lanita"]
[Result "1/2-1/2"]
[WhiteElo "1950"]
[BlackElo "2203"]
[PlyCount "91"]
[EventDate "2013.??.??"]

1. Nf3 d5 2. d4 Nf6 3. e3 g6 4. Bd3 Bg7 5. O-O O-O 6. c4 c6 7. Qc2 Bg4 8. Ne5
Be6 9. b3 Nfd7 10. Nf3 Bg4 11. Nbd2 dxc4 12. Bxc4 c5 13. Bb2 cxd4 14. Nxd4 Ne5
15. Qe4 Qa5 16. Rfc1 Nbd7 17. Bc3 Qb6 18. h3 Nc5 19. Qc2 Bd7 20. Rd1 Rad8 21.
Rac1 Ne6 22. Qb2 Nxc4 23. Nxc4 Qa6 24. Nf3 Bb5 25. Bxg7 Nxg7 26. Nd4 Bxc4 27.
bxc4 Rd7 28. Rd2 Rfd8 29. Rcd1 Qa4 30. Qc3 e5 31. Nb3 Rxd2 32. Rxd2 Rxd2 33.
Qxd2 Ne6 34. Qb2 f6 35. Nd2 Qc6 36. Qa3 Qc5 37. Qd3 Qc6 38. Ne4 Kg7 39. Kh2 a6
40. Kg1 Nc5 41. Nxc5 Qxc5 42. Qd7+ Kh6 43. Qe6 Kg7 44. Qd7+ Kh6 45. Qe6 Kg7 46.
Qd7+ 1/2-1/2

[Event "Ch BLR w 2013"]
[Site "?"]
[Date "2013.01.13"]
[Round "4.4"]
[White "Kusenkova, Natallia"]
[Black "Brovko, Nadezhda"]
[Result "0-1"]
[WhiteElo "2019"]
[BlackElo "1984"]
[PlyCount "70"]
[EventDate "2013.??.??"]

1. d4 Nf6 2. g3 e6 3. Bg2 c5 4. Nf3 Nc6 5. O-O Be7 6. c4 d5 7. cxd5 exd5 8.
dxc5 Bxc5 9. Bg5 Be6 10. Nbd2 h6 11. Bxf6 Qxf6 12. Nb3 Bb6 13. Qd2 O-O 14. e3
Rac8 15. Rac1 Rfd8 16. Nbd4 Bg4 17. Nxc6 bxc6 18. Nd4 c5 19. Ne2 Bf3 20. Nf4
Bxg2 21. Kxg2 d4 22. exd4 Rxd4 23. Qc3 Qd6 24. Rc2 Rd8 25. Re1 g5 26. Ne2 Rd3
27. Qc4 Qc6+ 28. Kg1 Qf3 29. Nc3 Ba5 30. h4 R3d4 31. Qe2 Qf5 32. h5 g4 33. Qe5
Qxc2 34. Ne4 Bxe1 35. Nf6+ Kf8 0-1

[Event "Ch BLR w 2013"]
[Site "?"]
[Date "2013.01.13"]
[Round "4.5"]
[White "Ziaziulkina, Nastassia"]
[Black "Revo, Tatiana"]
[Result "1-0"]
[WhiteElo "2364"]
[BlackElo "2057"]
[PlyCount "70"]
[EventDate "2013.??.??"]

1. e4 c5 2. Nf3 d6 3. d4 cxd4 4. Nxd4 Nf6 5. Nc3 a6 6. Bg5 e6 7. f4 h6 8. Bh4
Qb6 9. a3 Be7 10. Bf2 Qc7 11. Qf3 Nbd7 12. O-O-O b5 13. Bd3 Nc5 14. g4 Rb8 15.
h4 h5 16. g5 Ng4 17. Be1 Bd7 18. Kb1 Qb6 19. f5 Ne5 20. Qf2 Ncxd3 21. cxd3 a5
22. g6 Bf6 23. gxf7+ Kxf7 24. fxe6+ Bxe6 25. Ndxb5 Bg4 26. Qxb6 Rxb6 27. Bf2
Rc6 28. Rd2 Rb8 29. d4 Nf3 30. Rc2 Rcb6 31. a4 Rc8 32. Nd5 Rxc2 33. Kxc2 Rc6+
34. Kd3 Bd8 35. Bg3 Ke6 1-0

[Event "Ch BLR w 2013"]
[Site "?"]
[Date "2013.01.14"]
[Round "5.1"]
[White "Revo, Tatiana"]
[Black "Beinenson, Katsiaryna"]
[Result "1-0"]
[WhiteElo "2057"]
[BlackElo "1974"]
[PlyCount "63"]
[EventDate "2013.??.??"]

1. e4 c5 2. Nf3 Nc6 3. d4 cxd4 4. Nxd4 Qb6 5. Nb3 Nf6 6. Nc3 e6 7. Bd3 Be7 8.
Be3 Qc7 9. f4 d6 10. Qf3 a6 11. g4 Nd7 12. g5 b5 13. O-O-O Bb7 14. Kb1 Nb4 15.
Qh3 Nxd3 16. cxd3 b4 17. Ne2 d5 18. Rc1 Qd8 19. g6 fxg6 20. Ned4 Nf8 21. e5 Qd7
22. Na5 Bd8 23. Nxb7 Qxb7 24. Nxe6 Qd7 25. f5 gxf5 26. Nc5 Qf7 27. e6 Nxe6 28.
Rhe1 Nxc5 29. Bxc5+ Kd7 30. Re5 Bf6 31. Qxf5+ Kc7 32. Re7+ 1-0

[Event "Ch BLR w 2013"]
[Site "?"]
[Date "2013.01.14"]
[Round "5.2"]
[White "Brovko, Nadezhda"]
[Black "Ziaziulkina, Nastassia"]
[Result "0-1"]
[WhiteElo "1984"]
[BlackElo "2364"]
[PlyCount "74"]
[EventDate "2013.??.??"]

1. d4 d5 2. c4 c6 3. Nc3 Nf6 4. Nf3 e6 5. Bg5 h6 6. Bxf6 Qxf6 7. e3 Nd7 8. Bd3
dxc4 9. Bxc4 g6 10. O-O Bg7 11. Qe2 O-O 12. Rac1 Qe7 13. Rfd1 Rd8 14. a3 b6 15.
b4 Bb7 16. Ba6 Bxa6 17. Qxa6 c5 18. bxc5 bxc5 19. Ne4 cxd4 20. Nxd4 Nb6 21. h3
Bxd4 22. exd4 Qh4 23. Qe2 Rd7 24. Qf3 Kg7 25. Rc6 Rad8 26. Ng3 Rxd4 27. Qc3 Qf6
28. Rxd4 Qxd4 29. Qa5 Rd7 30. Qb5 h5 31. a4 h4 32. Nf1 Rd5 33. Qe2 Qxa4 34. Rc7
Rd7 35. Qb2+ f6 36. Rc3 Qd4 37. Ne3 Na4 0-1

[Event "Ch BLR w 2013"]
[Site "?"]
[Date "2013.01.14"]
[Round "5.3"]
[White "Stetsko, Lanita"]
[Black "Kusenkova, Natallia"]
[Result "0-1"]
[WhiteElo "2203"]
[BlackElo "2019"]
[PlyCount "104"]
[EventDate "2013.??.??"]

1. e4 e5 2. Nf3 Nc6 3. Bb5 a6 4. Ba4 Nf6 5. O-O Nxe4 6. d4 b5 7. Bb3 d5 8. dxe5
Be6 9. Qe2 Be7 10. Rd1 O-O 11. c4 bxc4 12. Bxc4 a5 13. Nc3 Nxc3 14. bxc3 a4 15.
Bb5 Nb8 16. Bd3 c5 17. c4 Ra7 18. cxd5 Bxd5 19. Bc2 g6 20. Bh6 Re8 21. Rd2 Rd7
22. Bxa4 Bc6 23. Bb3 Rxd2 24. Bxd2 Bd5 25. Bc3 Bxb3 26. axb3 Qd5 27. Qb5 Rd8
28. Ra7 Bf8 29. h3 Nc6 30. Ra4 Rb8 31. Qc4 Qd1+ 32. Kh2 Qxb3 33. Ng5 Qxc4 34.
Rxc4 Nd8 35. Ne4 Ne6 36. f4 Rc8 37. g4 Nd8 38. f5 Nb7 39. Kg3 Be7 40. Kf4 Kf8
41. f6 Bd8 42. Nd6 Nxd6 43. exd6 Ke8 44. Ke5 Kd7 45. Ra4 Bb6 46. Kd5 c4 47. Ra6
Rc5+ 48. Ke4 Rc6 49. Ra8 Rc8 50. Rxc8 Kxc8 51. Kd5 Kd7 52. Be5 Be3 0-1

[Event "Ch BLR w 2013"]
[Site "?"]
[Date "2013.01.14"]
[Round "5.5"]
[White "Kasperovich, Ekaterina"]
[Black "Nevioselaya, Maria"]
[Result "0-1"]
[WhiteElo "2066"]
[BlackElo "2065"]
[PlyCount "144"]
[EventDate "2013.??.??"]

1. d4 d5 2. c4 c6 3. Nc3 Nf6 4. cxd5 cxd5 5. Bf4 a6 6. e3 Nc6 7. Rc1 Bf5 8. Nf3
e6 9. Qb3 Ra7 10. Be2 Be7 11. h3 O-O 12. O-O Na5 13. Qd1 b5 14. g4 Bg6 15. Ne5
Nd7 16. Nxg6 hxg6 17. b3 Qb6 18. Bf3 Bd6 19. Ne2 Bxf4 20. Nxf4 Rc7 21. Qd2 Rfc8
22. g5 Rxc1 23. Rxc1 Rxc1+ 24. Qxc1 Qc6 25. Qa3 Nb7 26. Qe7 Nf8 27. Nd3 Qd7 28.
Qa3 a5 29. h4 b4 30. Qc1 Qe7 31. Be2 f6 32. f4 Qd7 33. Kg2 Nd6 34. Nc5 Qc7 35.
Bd3 Kf7 36. Qd1 f5 37. h5 Ne4 38. Bxe4 dxe4 39. hxg6+ Kxg6 40. Qe2 Kf7 41. Qa6
Kg8 42. Kf2 Qf7 43. Ke2 Qh5+ 44. Kd2 Qh1 45. Qc4 Qa1 46. Qc2 Kf7 47. Nb7 Ng6
48. Nd8+ Kg8 49. Nxe6 Qf1 50. Qc4 Qa1 51. Nd8+ Kh7 52. Nf7 Qxa2+ 53. Qc2 Qa1
54. d5 Kg8 55. Ne5 Nxe5 56. Qc8+ Kh7 57. fxe5 Qxe5 58. Qc5 Qh2+ 59. Kc1 Qg1+
60. Kc2 Qf2+ 61. Kc1 Qf1+ 62. Kc2 Qd3+ 63. Kb2 Qd2+ 64. Kb1 a4 65. bxa4 b3 66.
g6+ Kh6 67. Qa3 Qxd5 68. a5 Qd3+ 69. Kb2 Qc2+ 70. Ka1 Qc3+ 71. Kb1 f4 72. a6
fxe3 0-1

[Event "Ch BLR w 2013"]
[Site "?"]
[Date "2013.01.15"]
[Round "6.1"]
[White "Beinenson, Katsiaryna"]
[Black "Nevioselaya, Maria"]
[Result "0-1"]
[WhiteElo "1974"]
[BlackElo "2065"]
[PlyCount "88"]
[EventDate "2013.??.??"]

1. d4 d5 2. Nf3 Nf6 3. Bf4 c6 4. e3 Bf5 5. c4 e6 6. Qb3 Qb6 7. c5 Qxb3 8. axb3
Bxb1 9. Rxb1 Nbd7 10. Ra1 a6 11. b4 Rc8 12. h3 Be7 13. Bd3 Bd8 14. Ke2 Bc7 15.
Bxc7 Rxc7 16. Rhc1 O-O 17. g4 Re8 18. g5 Nh5 19. Kd2 g6 20. Ne5 Nxe5 21. dxe5
Rd8 22. Be2 Ng7 23. Kd3 Nf5 24. Bg4 Ne7 25. Kd4 Kg7 26. Rh1 Rh8 27. h4 h6 28.
Rag1 b6 29. cxb6 Rb7 30. gxh6+ Kxh6 31. h5 g5 32. Kc5 Rhb8 33. Ra1 Rxb6 34. Be2
Rxb4 35. Bxa6 Rxb2 36. Kd6 Nf5+ 37. Kxc6 Rxf2 38. Kc7 Rb3 39. Rac1 Nxe3 40. Kd7
d4 41. Rc8 d3 42. Rh8+ Kg7 43. Rd8 d2 44. h6+ Kh7 0-1

[Event "Ch BLR w 2013"]
[Site "?"]
[Date "2013.01.15"]
[Round "6.2"]
[White "Kaliadzich, Maryia"]
[Black "Kasperovich, Ekaterina"]
[Result "0-1"]
[WhiteElo "1950"]
[BlackElo "2066"]
[PlyCount "98"]
[EventDate "2013.??.??"]

1. e4 e5 2. Nf3 Nc6 3. Bc4 Bc5 4. c3 Nf6 5. d3 O-O 6. O-O d6 7. Bb3 h6 8. Nbd2
a5 9. Re1 Be6 10. Nf1 Bxb3 11. Qxb3 a4 12. Qc2 Qd7 13. Ng3 Ng4 14. Re2 Rfd8 15.
h3 Nf6 16. Bd2 d5 17. Rae1 dxe4 18. dxe4 Qe6 19. a3 b5 20. Be3 Bf8 21. Rd1
Rxd1+ 22. Qxd1 Na5 23. Bc1 Nc4 24. Nd2 Nd6 25. Qc2 g6 26. Re1 Rd8 27. Rd1 h5
28. Nf3 Rc8 29. Qd3 Re8 30. Ng5 Qb3 31. h4 Nb7 32. Qf3 Be7 33. Rd5 Qc2 34. Ne2
Nd6 35. Rd2 Qb1 36. b3 Nfxe4 37. Nxe4 Qxe4 38. Qxe4 Nxe4 39. Rd5 Bxh4 40. g3 c6
41. Rd7 Rd8 42. Rxd8+ Bxd8 43. b4 Bb6 44. Kf1 Bxf2 45. Kg2 Be1 46. Bb2 f6 47.
Kf3 Nd2+ 48. Kg2 Nc4 49. Bc1 Bd2 0-1

[Event "Ch BLR w 2013"]
[Site "?"]
[Date "2013.01.15"]
[Round "6.3"]
[White "Kusenkova, Natallia"]
[Black "Davydova, Natalia"]
[Result "1/2-1/2"]
[WhiteElo "2019"]
[BlackElo "1991"]
[PlyCount "74"]
[EventDate "2013.??.??"]

1. e4 c5 2. Nf3 d6 3. g3 g6 4. Bg2 Bg7 5. O-O Nc6 6. c3 Nf6 7. d4 O-O 8. d5 Na5
9. Qc2 Qc7 10. Nbd2 Rb8 11. a4 a6 12. b3 Bd7 13. Bb2 b5 14. axb5 axb5 15. Ra2
c4 16. b4 Nb3 17. Nd4 Nxd4 18. cxd4 Rfc8 19. Bc3 Ne8 20. Rfa1 Qd8 21. h3 Ra8
22. Qb2 Nc7 23. Ra5 h5 24. R1a2 Rxa5 25. Rxa5 Ra8 26. Qa1 Qc8 27. Kh2 f6 28. f4
Rxa5 29. Qxa5 e5 30. dxe5 fxe5 31. fxe5 dxe5 32. Nf3 Ne8 33. Qb6 Nf6 34. Nxe5
Qe8 35. Nxd7 Nxd7 36. Qe3 Bxc3 37. Qxc3 Qe5 1/2-1/2

[Event "Ch BLR w 2013"]
[Site "?"]
[Date "2013.01.16"]
[Round "7.2"]
[White "Stetsko, Lanita"]
[Black "Revo, Tatiana"]
[Result "0-1"]
[WhiteElo "2203"]
[BlackElo "2057"]
[PlyCount "60"]
[EventDate "2013.??.??"]

1. e4 c5 2. Nc3 d6 3. Nge2 Nf6 4. g3 Nc6 5. Bg2 g6 6. d4 cxd4 7. Nxd4 Bd7 8.
O-O Bg7 9. Nde2 O-O 10. h3 Rc8 11. Rb1 Ne5 12. f4 Nc4 13. Qd3 Qa5 14. a4 Be6
15. b3 Nd7 16. Nd5 Bxd5 17. exd5 Qc5+ 18. Kh2 Na3 19. Bxa3 Qxa3 20. c4 Nc5 21.
Qc2 a6 22. Rf3 b5 23. axb5 axb5 24. Nc3 bxc4 25. bxc4 Ra8 26. Re1 Qb4 27. Rxe7
Qxc4 28. Qe2 Qd4 29. Qe3 Qc4 30. Qe2 Qb3 0-1

[Event "Ch BLR w 2013"]
[Site "?"]
[Date "2013.01.16"]
[Round "7.3"]
[White "Davydova, Natalia"]
[Black "Ziaziulkina, Nastassia"]
[Result "0-1"]
[WhiteElo "1991"]
[BlackElo "2364"]
[PlyCount "90"]
[EventDate "2013.??.??"]

1. e4 c5 2. Nf3 d6 3. d4 cxd4 4. Nxd4 Nf6 5. f3 e5 6. Bb5+ Nbd7 7. Nf5 d5 8.
exd5 a6 9. Bxd7+ Bxd7 10. Ne3 Bc5 11. c4 b5 12. O-O bxc4 13. Nc3 O-O 14. Kh1
Bd4 15. Qc2 Rc8 16. Rd1 Qb6 17. Re1 Rfd8 18. Bd2 Be8 19. Rad1 Qb7 20. Bc1 Bb5
21. Qf5 Bd7 22. Qg5 h6 23. Qh4 Re8 24. h3 Qb6 25. Re2 Qa5 26. Bd2 Qb6 27. Bc1
a5 28. Ne4 Nh7 29. Ng3 Qf6 30. Qxf6 Nxf6 31. Ngf5 Bc5 32. Ng3 Bb5 33. Ree1 Ba4
34. b3 cxb3 35. axb3 Bxb3 36. Rd3 a4 37. Ne4 Nxe4 38. fxe4 Rb8 39. d6 Red8 40.
Nf5 Kf8 41. Bd2 Bb4 42. Ne7 Rxd6 43. Bxb4 Rxd3 44. Nc6+ Rxb4 45. Nxb4 Rd1 0-1

[Event "Ch BLR w 2013"]
[Site "?"]
[Date "2013.01.16"]
[Round "7.4"]
[White "Kasperovich, Ekaterina"]
[Black "Kusenkova, Natallia"]
[Result "1-0"]
[WhiteElo "2066"]
[BlackElo "2019"]
[PlyCount "67"]
[EventDate "2013.??.??"]

1. d4 Nf6 2. c4 g6 3. g3 c5 4. d5 Bg7 5. Bg2 O-O 6. Nc3 d6 7. h3 e6 8. dxe6
fxe6 9. Be3 Qe7 10. Qd2 Rd8 11. Rd1 Nc6 12. Bxc6 bxc6 13. Bxc5 Ne8 14. Ne4 Qb7
15. Nf3 d5 16. Ba3 e5 17. Nc5 Qf7 18. Ng5 Bh6 19. h4 Nc7 20. Nxf7 Bxd2+ 21.
Rxd2 Kxf7 22. Ne4 Ba6 23. Ng5+ Kg8 24. cxd5 cxd5 25. O-O h6 26. Nf3 e4 27. Ne5
Kg7 28. Rc1 Rac8 29. Rc6 Re8 30. Bd6 Nb5 31. Rxa6 Nxd6 32. Rxd5 Nc4 33. Rd7+
Kg8 34. Rxg6+ 1-0

[Event "Ch BLR w 2013"]
[Site "?"]
[Date "2013.01.17"]
[Round "8.1"]
[White "Brovko, Nadezhda"]
[Black "Stetsko, Lanita"]
[Result "0-1"]
[WhiteElo "1984"]
[BlackElo "2203"]
[PlyCount "77"]
[EventDate "2013.??.??"]

1. d4 Nf6 2. c4 e6 3. Nc3 Bb4 4. Qc2 Nc6 5. Nf3 d6 6. a3 Bxc3+ 7. Qxc3 a5 8. b3
Qe7 9. e3 e5 10. d5 Nb8 11. Qc2 Nbd7 12. Be2 Nc5 13. Nd2 O-O 14. e4 Ne8 15. O-O
f5 16. exf5 Bxf5 17. Qc3 Nf6 18. Bb2 b6 19. b4 Na4 20. Qb3 Nxb2 21. Qxb2 Qf7
22. Qc3 Qg6 23. Qg3 Qh6 24. Qc3 Bg6 25. Kh1 Ne4 26. Nxe4 Bxe4 27. f3 Bf5 28. g4
Bd7 29. Bd3 Qf6 30. Be4 Qf4 31. Qd3 g6 32. c5 axb4 33. axb4 bxc5 34. bxc5 Rxa1
35. Rxa1 Rb8 36. cxd6 Rb2 37. Qc2 Rxc2 38. Bxc2 Qxf3+ 39. Kg1 0-1